00591nam a2200181Ia 4500008004100000020001800041022001300059040001300072082001200085100001900097245005800116250001100174260003900185300003100224500011800255650002600373650001000399191130s1992##################000#0#eng## a9780333521540 a91042959 aACLcACL a332.042 aDavidson, Paul aInternational money and the real worldcPaul Davidson a2nd ed aNew YorkbSt. Martin's Pressc1992 axiv, 288 p. : ill. ; 23 cm aSpine title: International money & the real world. Includes bibliographical references (p. 251-282) and index aInternational finance aMoney